000
00294nam a22001217a 4500
082
_a
425
_b
MOO/E
100
_a
MOOSAKKUTTY,N
245
_a
ENGLISH MALAYALAM WORD BOOK
260
_a
THRISSUR
_b
H&C PUBLISHING HOUSE
300
_a
96
650
_a
ENGLISH MALAYALAM WORD BOOK
_z
THRISSUR
942
_c
BK
999
_c
3843
_d
3843